| 000 | 00596nmm a22001937a 4500 | ||
|---|---|---|---|
| 003 | OSt | ||
| 005 | 20240516112133.0 | ||
| 006 | eBook | ||
| 008 | 240516b |||||||| |||| 00| 0 eng d | ||
| 040 | _cMRSPTU | ||
| 100 | _aDenzil Watson | ||
| 110 | _aAntony Head | ||
| 245 | _aCorporate Finance Principles and Practice | ||
| 250 | _a5th | ||
| 260 |
_aNew Delhi _bPearson _c2010 |
||
| 600 | _2Management | ||
| 856 |
_3Click here to access the e-book _uhttps://ebookcentral.proquest.com/lib/gzsptuc/detail.action?docID=5137080&query=Corporate+Finance+Principles+and+Practice |
||
| 942 |
_2ddc _cEB _n1 |
||
| 999 |
_c10293 _d10293 |
||